|
|
|
|
| LEADER |
01034nam a2200229 a 4500 |
| 001 |
GR-MES15828 |
| 008 |
100916s gr b 001 0 eng d |
| 020 |
|
|
|a 0766814173
|
| 040 |
|
|
|a GrPaTEI
|b gre
|c GR-PaULI
|
| 040 |
|
|
|a GrPaTEI
|b gre
|c GR-PaULI
|
| 082 |
|
0 |
|a 635.9
|2 21
|
| 245 |
0 |
0 |
|a Ornamental horticulture :
|b Science, operations & management /
|c Jack E. Ingles.
|
| 250 |
|
|
|a 3rd ed.
|
| 260 |
|
|
|a Cobleskill
|a New York :
|b Delmar Thompson Learning,
|c c2001
|
| 300 |
|
|
|a xxv, 518 σ. :
|b εικ. (μερικές έγχρ.), χάρτης. ;
|c 25 εκ.
|
| 504 |
|
|
|a Περιλαμβάνει βιβλιογραφίες και ευρετήριο.
|
| 650 |
|
0 |
|a Ornamental horticulture
|
| 700 |
1 |
|
|a Ingels, Jack E.
|
| 942 |
|
|
|2 ddc
|
| 952 |
|
|
|0 0
|1 0
|2 ddc
|4 0
|6 635_900000000000000_ING
|7 0
|9 273491
|a MSLG
|b MSLG
|c BSC
|d 2021-01-17
|e 24
|f 0
|g 0.00
|l 0
|o 635.9 ING
|p 2420000024847
|r 2021-01-17 00:00:00
|t 1
|v 2021.00
|w 2021-01-17
|y BK15
|x Μεταφορά από Αμαλιάδα (18/10/22)
|x GrPaTEI
|
| 971 |
|
|
|a .b25818776
|b 15-04-20
|c 13-09-16
|
| 999 |
|
|
|c 158412
|d 158412
|